| 000 | 00898nam a22002177a 4500 | ||
|---|---|---|---|
| 999 |
_c21248 _d21248 |
||
| 003 | AR-CdUCM | ||
| 008 | 190524b ||||| |||| 00| 0 spa d | ||
| 040 |
_aMUNICIPALIDAD PROVINCIAL DEL CUSCO _cBIBLIOTECA MUNICIPAL DEL CUSCO |
||
| 082 |
_a610.73/C73 _bC73 |
||
| 100 |
_aCortez Cuaresma, Gloria _944383 |
||
| 245 |
_aGuía para aplicar taxonomía II. Nanda I. NIC. NOC. : _bDiagnostico de Enfermería normado por estándares ISO PAE Procesos de Atención en Enfermería / |
||
| 260 |
_aLima ; _bRodhas, _c2017. |
||
| 300 |
_a266 Páginas. : _c23 cm. |
||
| 505 | _aContenidos: Proceso de atención en Enfermería PAE -- Valoración de Enfermería -- Planificación -- Registros de Enfermería ... | ||
| 650 |
_aEnfermería _921000 |
||
| 650 |
_aTaxonomía _918622 |
||
| 650 |
_aAtención de Enfermería _944384 |
||
| 650 |
_aCiencias de la Salud _944385 |
||
| 942 |
_2ddc _cLIBROS |
||
| 945 | _aRoel | ||